<?xml version="1.0" encoding="UTF-8"?>
<marc:record xmlns:marc="http://www.loc.gov/MARC21/slim">
   <marc:leader>00000nam a2200000 a 4500</marc:leader>
   <marc:datafield ind1="1" ind2=" " tag="100">
      <marc:subfield code="a">Martenstein, Harald</marc:subfield>
      <marc:subfield code="4">aut</marc:subfield>
      <marc:subfield code="e">Verfasser/-in</marc:subfield>
   </marc:datafield>
   <marc:datafield ind1=" " ind2=" " tag="653">
      <marc:subfield code="a">Mann</marc:subfield>
   </marc:datafield>
   <marc:datafield ind1=" " ind2=" " tag="653">
      <marc:subfield code="a">Fiktionale Darstellung</marc:subfield>
   </marc:datafield>
   <marc:datafield ind1=" " ind2=" " tag="653">
      <marc:subfield code="a">Belletristische Darstellung</marc:subfield>
   </marc:datafield>
   <marc:datafield ind1="0" ind2="0" tag="245">
      <marc:subfield code="a">Männer sind wie Pfirsiche</marc:subfield>
   </marc:datafield>
   <marc:datafield ind1="0" ind2="0" tag="245">
      <marc:subfield code="b">subjektive Betrachtungen über den Mann von heute</marc:subfield>
   </marc:datafield>
   <marc:datafield ind1="0" ind2="0" tag="245">
      <marc:subfield code="c">Harald Martenstein. Mit einem objektiven Vorw. von Alice Schwarzer</marc:subfield>
   </marc:datafield>
   <marc:datafield ind1=" " ind2="1" tag="264">
      <marc:subfield code="a">München</marc:subfield>
      <marc:subfield code="b">Bertelsmann</marc:subfield>
      <marc:subfield code="c">2007</marc:subfield>
   </marc:datafield>
   <marc:datafield ind1=" " ind2=" " tag="250">
      <marc:subfield code="a">1. Aufl.</marc:subfield>
   </marc:datafield>
   <marc:datafield ind1="1" ind2=" " tag="520">
      <marc:subfield code="a">Angaben aus der Verlagsmeldung

Männer sind wie Pfirsiche : 52 Betrachtungen mit einer Gegenrede von Alice Schwarzer / von Harald Martenstein

Ob Harald Martenstein vor wachsender Rinderlosigkeit, ja Rinderfeindlichkeit in Deutschland warnt, ob er erläutert, wie man Steuerverwaltungen in den Wahnsinn treiben kann, indem man statt 94 Cent 49 Cent überweist, oder ob er sich mit den literarischen Vorbildern von Serienkillern in den Zeiten, bevor es Computerspiele gab, befasst, immer trifft er ins Herz deutscher Empfindsamkeit. Alltäglichem Wahnsinn, verwaltungstechnischem Irrsinn und medienwirksamem Problemgejammer begegnet der Egon-Erwin-Kisch-Preisträger mit einer Mischung aus Anarchie, lustvollem Sezieren und gnadenlosem Beim-Wort-Nehmen. Texte, die uns die Welt erklären, ohne dass wir hinterher klüger wären.
</marc:subfield>
   </marc:datafield>
   <marc:datafield ind1=" " ind2=" " tag="020">
      <marc:subfield code="a">9783570009611</marc:subfield>
      <marc:subfield code="9">9783570009611</marc:subfield>
   </marc:datafield>
   <marc:datafield ind1=" " ind2=" " tag="020">
      <marc:subfield code="a">3570009610</marc:subfield>
      <marc:subfield code="9">3570009610</marc:subfield>
   </marc:datafield>
   <marc:datafield ind1=" " ind2=" " tag="041">
      <marc:subfield code="a">ger</marc:subfield>
   </marc:datafield>
   <marc:datafield ind1=" " ind2=" " tag="300">
      <marc:subfield code="a">175 S.</marc:subfield>
   </marc:datafield>
</marc:record>
